000 00346nam a2200145Ia 4500
008 230917s9999||||xx |||||||||||||| ||und||
040 _e47065
_aMAIN
041 _aEnglish
082 _a142.7 I1I
100 _aInde, Don, ed
245 0 _aInterdisciplinary phenomenology
260 _aHague
_bMartinus
_c1977
300 _a187 p.
942 _cBK
999 _c221221
_d221221